000 00661nam a2200193 4500
003 LK-CoMWRAF
008 231119b1981 |||||||| |||| 00| 0 eng d
040 _aLK-CoMWRAF
_dLK-CoMWRAF
_eLK-CoMWRAF
041 _aeng
082 _a297.197
_bISL
111 _aSYMPOSIUM OF THE ISLAMIC-CHRISTIAN DIALOGUE
_c(Tripoli,
_d1-5 February, 1976)
245 _aDocuments and researches of Seminary of the Islamic-Christian Dialogue
260 _aJamahiriya:
_bPopular office of Foreign Relations,
_c[1981]
300 _a 346 p. : ill. ; 25 cm
650 _aChristianity and other religions
650 _aInterfaith relations
700 _aShahaati, Ahmad
942 _cCP
999 _c4158
_d4158